000 00884cam a2200301Mi 4500
001 93011
005 20230411090050.0
008 020507s1973 sp g 000 0 spa d
035 _a(OCoLC)ocn629908212
040 _aESUDE
_bspa
_cESUDE
_dOCL
019 _a637326040
020 _a8432301027
020 _a9788432301025
035 _a(OCoLC)629908212
_z(OCoLC)637326040
080 _a316.32
080 _a930.2(460)
049 _aGRAL
100 1 _aTuñón de Lara, Manuel,
_d1915-1997.
245 1 0 _aMetodología de la historia social de España /
_cManuel Tuñón de Lara.
260 _aMadrid :
_bSiglo XXI de España Editores,
_cD.L. 1973.
300 _a201 p. ;
_c18 cm.
490 1 _aHistoria
651 4 _aEspaña
_xCondiciones sociales
_xHistoriografia.
830 0 _aHistoria (Siglo XXI Editores)
942 _2lcc
_cbk
994 _aC0
_bDRFGD
946 _aYM
999 _c111885
_d111885